Duše zvonů : velikonoční zázrak ve 3 obrazech /

Hlavní autor: Vyskočil, Quido Maria, 1881-1969
Jazyk: Čeština
Vydáno: Praha : František Švejda, [1925]
Edice: Švejdův divadelní sborník
Fyzický popis: 42 stran ; 8°
Knihy
Uloženo v:
LEADER 00964nam a22002772i 4500
001 001816005
003 CZ BrMZK
005 20220428125212.0
007 ta
008 220221s1925 xr er|||||||||||cze d
015 |a cnb000905136 
040 |a ABA001  |b cze  |c ULG001  |d ABA001  |e rda  |d BOA001 
100 1 |a Vyskočil, Quido Maria,  |d 1881-1969  |7 jk01151235  |4 aut 
245 1 0 |a Duše zvonů :  |b velikonoční zázrak ve 3 obrazech /  |c Quido Maria Vyskočil 
264 1 |a Praha :  |b František Švejda,  |c [1925] 
300 |a 42 stran ;  |c 8° 
336 |a text  |b txt  |2 rdacontent 
337 |a bez média  |b n  |2 rdamedia 
338 |a svazek  |b nc  |2 rdacarrier 
490 1 |a Švejdův divadelní sborník ;  |v sv. 176 
500 |a Skutečné jméno: Vyskočil, Antonín 
830 0 |a Švejdův divadelní sborník  |0 s 
910 |a BOA001  |b 1-0041.274,176 
990 |a BK 
993 |a Y 
996 6 |b 2618962952  |c 1-0041.274,176  |l MZK  |r Sklad / do 1 hodiny  |n 1  |w 001880073  |u 000010  |a 1  |e BOA001  |j MZK50  |s P